=LDR 00000nam 2200000 4500 =001 INLIS000000000022999 =005 20200511082613 =035 ##$$a 0010-061300000022999 =008 200511################g##########0#ind## =041 ##$$a Ind =082 ##$$a 2X4.74 =090 ##$$a 2X4.74, Mas q =100 ##$$a Masyhur, Syaikh Mushthafa =245 1#$$a Al-qiyadah wal jundiyah, /$c Syaikh Mushthafa Masyhur, Penerjemah, Abu Ridha =260 ##$$a Jakarta :$b Al-I'tisom,$c 2001 =300 ##$$a 184 hlm. ; $c 18 x 12 cm. =650 #4$$a Jihad =850 ##$$a NBPNMAT =020 ##$$a 979-9516-05-6 =084 ##$$a 2X4.74 MAS a =250 ##$$a cet. 1 =700 #$$a Abu Ridha =520 ##$$a judul asli ; Bainal qiyyadah wal-jundyah =990 ##$$a 2033426 =990 ##$$a 2033425